| 000 | 01364nam a2200301 i 4500 | ||
|---|---|---|---|
| 003 | DO-SdBNP | ||
| 005 | 20250304075703.0 | ||
| 007 | ta | ||
| 008 | 220929e2019 dr a|||frf||| 001 0 spa d | ||
| 020 | _a9789945917550 | ||
| 040 |
_aDO-SdBNP _bspa _cBNPHU _erda |
||
| 082 | 4 |
_axxx _bI59p _222 |
|
| 110 | 2 |
_aInstituto Tecnológico de Santo Domingo (INTEC) _978911 |
|
| 245 | 1 | 0 |
_aPolítica editoria l: _baprobada por la Junta de Regentes mediante la Resolución JR/47/18/, del 13 de diciembre 2018 / _cedición, Fari Rosario ; corrección, Ligia Ramírez |
| 264 | 4 |
_aSanto Domingo : _bIntec, _c©2019. |
|
| 300 |
_a32 páginas ; _c21 cm. |
||
| 336 |
_atexto _btxt _2rdacontent |
||
| 337 |
_asin mediación _bn _2rdamedia |
||
| 338 |
_avolumen _bnc _2rdacarrier |
||
| 505 |
_gCapítulo I _tAntecedentes.-- _gCapítulo II. _tPropósito.-- _gCapítulo III. _tAlcance.-- _gCapítulo IV. _tDocumentos de referencia.-- _gCapítulo V. _tDefiniciones.-- _gCapítulo VI. _tNiveles de Gestión y responsabilidades.-- _gCapítulo VII. _tGenerales.-- _gCapítulo VIII. _tAnexo: glosario. |
||
| 590 | _aInventariado 2022 / MF | ||
| 650 | 4 |
_97842 _aEdición _vNormas |
|
| 650 | 4 |
_979570 _aInstituto Tecnológico de Santo Domingo _vNormas _xEdición |
|
| 700 | 1 |
_aFari, Rosario, _eeditor _4ed. _976028 |
|
| 700 | 1 |
_aRamírez, Ligia, _ecorrector _4corr. _984317 |
|
| 910 | _aMFeliz | ||
| 942 |
_2ddc _cLF2 |
||
| 999 |
_c52490 _d52490 |
||